00940nam a2200241Ia 4500001000600000003000900006008004100015040001300056040001300069041001300082100002000095100002900115245004700144245008400191250001100275260001200286260001400298260004900312300005900361500023200420650001500652650003100667 451IT-RoPAU130308s9999 xx 000 0 und d aIT-RoPAU cIT-RoPAU aITALIANO aKey Vladimir O. gCodice Aut. SPICS: 5097 aAssociazioni volontarie e la politica (Le) bAnalisi Enpirica nelle Scienze Sociali (L')-1-Dai Concetti Agli Indici Empirici a1a ed. aBOLOGNA bIl Mulino c1969 [1° Ed.:1969 - Ed.Ling.Originale:1961] a"10 p. (prefazione: no ; testo: 10 [pagine: 129-138])" aIncidenza dell'Adesione Reclutamento dei potenziali Aderenti Aderenti e Non Aderenti grado di Identificazione di gruppo Organizzazione di Massa e stratificazione Politica Indici di interesse partecipazione ed Efficacia Politica aSOCIOLOGIA eCodice materia Spics: 3651